00286nam a2200121Ia 4500008004100000041000900041082001500050100002300065245001900088260004200107300000700149650000800156230718s9999 xx 000 0 und d aEng. a340bLAT-P aLate M. Malik Mis  0aP. L.D. (2010) aPakistanbAll forcistion lefel c2009 a62 aLaw